[Event "Berlin Eckbauer op 15th"]
[Site "Berlin"]
[Date "2012.11.19"]
[Round "6.30"]
[White "Valamanesh, Habib"]
[Black "Puettner, Ralph"]
[Result "0-1"]
[WhiteElo "1608"]
[BlackElo "1275"]
[PlyCount "76"]
[EventDate "2012.10.15"]
[EventType "swiss"]
[EventRounds "7"]
[EventCountry "GER"]
[SourceTitle "EXT 2022"]
[Source "ChessBase"]
[SourceDate "2021.10.06"]
[SourceVersion "1"]
[SourceVersionDate "2021.10.06"]
[SourceQuality "1"]

1. Nf3 d5 2. c4 e6 3. cxd5 exd5 4. d4 Nf6 5. Bg5 Be7 6. Nbd2 Nc6 7. g3 0-0 8. Bg2 Bf5 9. 0-0 Re8 10. a3 Bd6 11. Rc1 Re6 12. Re1 Be7 13. e3 Be4 14. Bxf6 Bxf6 15. Nxe4 Rxe4 16. Nd2 Re7 17. Qb3 Na5 18. Qd3 Qd6 19. Rc5 Nc6 20. Rxd5 Qe6 21. Rh5 h6 22. d5 Qd6 23. Nc4 Qd7 24. Rd1 Rd8 25. Qb3 Ne5 26. Nxe5 Bxe5 27. Qxb7 Qg4 28. Rf1 Qxh5 29. f4 Bf6 30. e4 Qe2 31. e5 Bxe5 32. fxe5 Qxe5 33. Qxa7 c6 34. Qc5 cxd5 35. Rd1 Rc7 36. Qa5 Rdc8 37. b4 Rc1 38. Qa4 Qe3+ 0-1

[Event "Berlin Eckbauer op 13th"]
[Site "Berlin"]
[Date "2010.10.04"]
[Round "4.34"]
[White "Valamanesh, Habib"]
[Black "Lippianowski, Stefan"]
[Result "1-0"]
[WhiteElo "1633"]
[BlackElo "1301"]
[PlyCount "75"]
[EventDate "2010.09.13"]
[EventType "swiss"]
[EventRounds "7"]
[EventCountry "GER"]
[SourceTitle "EXT 2022"]
[Source "ChessBase"]
[SourceDate "2021.10.06"]
[SourceVersion "1"]
[SourceVersionDate "2021.10.06"]
[SourceQuality "1"]

1. Nf3 d5 2. g3 Bg4 3. d4 Bxf3 4. exf3 Nc6 5. Be3 e6 6. c3 Nge7 7. Bg2 Na5 8. Nd2 Nf5 9. Qa4+ Nc6 10. 0-0 Bd6 11. f4 0-0 12. Nf3 a6 13. Qc2 Na5 14. b3 Nc6 15. Ne1 Nce7 16. Nd3 f6 17. Rfe1 Ng6 18. Bc1 h5 19. Rxe6 Kf7 20. Re1 Rh8 21. Bxd5+ Kf8 22. Bxb7 Rb8 23. Be4 h4 24. Bxf5 Ne7 25. Be4 f5 26. Bf3 Qe8 27. Qe2 Qg6 28. Qe6 Qh7 29. g4 Qg6 30. Qxg6 Nxg6 31. gxf5 Ne7 32. Bg4 Rg8 33. h3 g6 34. fxg6 Rxg6 35. Re6 Kf7 36. Rxg6 Nxg6 37. Bh5 Rg8 38. f5 1-0

[Event "Berlin Eckbauer op 12th"]
[Site "Berlin"]
[Date "2009.09.21"]
[Round "2.27"]
[White "Valamanesh, Habib"]
[Black "Bauer, Stefan"]
[Result "1-0"]
[WhiteElo "1627"]
[BlackElo "1773"]
[PlyCount "81"]
[EventDate "2009.09.14"]
[EventType "swiss"]
[EventRounds "7"]
[EventCountry "GER"]
[SourceTitle "EXT 2022"]
[Source "ChessBase"]
[SourceDate "2021.10.06"]
[SourceVersion "1"]
[SourceVersionDate "2021.10.06"]
[SourceQuality "1"]

1. Nf3 Nc6 2. d4 d5 3. g3 Nf6 4. Bg2 b6 5. 0-0 g6 6. c3 Bg7 7. Re1 0-0 8. Bg5 Ne4 9. Bf4 f6 10. Nbd2 g5 11. Be3 g4 12. Nh4 f5 13. Bxe4 fxe4 14. Qb3 e6 15. Qa4 Bd7 16. Qc2 Rf7 17. f3 e5 18. fxe4 exd4 19. cxd4 Nxd4 20. Bxd4 Bxd4+ 21. e3 Bf6 22. Nf5 Bxf5 23. exf5 c5 24. Rad1 Rc8 25. Ne4 Be5 26. Nf2 h5 27. e4 Bd4 28. e5 h4 29. e6 Re7 30. Qe2 Rg7 31. e7 Qe8 32. Kf1 Rc6 33. Nxg4 hxg3 34. hxg3 Rh7 35. Kg2 Rd6 36. Rd3 Bg7 37. Rxd5 Rxd5 38. Qe6+ Kh8 39. Qxd5 Bf8 40. exf8Q+ Qxf8 41. Qe5+ 1-0

[Event "Berlin qualification op"]
[Site "Berlin"]
[Date "2009.04.11"]
[Round "1"]
[White "Valamanesh, Habib"]
[Black "Shapiro, Yosip"]
[Result "0-1"]
[WhiteElo "1630"]
[BlackElo "2098"]
[PlyCount "50"]
[EventDate "2009.04.11"]
[EventType "swiss"]
[EventRounds "9"]
[EventCountry "GER"]
[SourceTitle "EXT 2012"]
[Source "ChessBase"]
[SourceDate "2011.11.24"]
[SourceVersion "1"]
[SourceVersionDate "2011.11.24"]
[SourceQuality "1"]

1. Nf3 d5 2. g3 Bf5 3. d3 c6 4. Bg2 e6 5. 0-0 Nd7 6. c3 Ngf6 7. Bg5 h6 8. Bxf6 Qxf6 9. Re1 Nc5 10. Nbd2 Bh7 11. d4 Ne4 12. Qb3 0-0-0 13. Rac1 Qe7 14. c4 Qb4 15. c5 Qa5 16. Nxe4 dxe4 17. Ne5 Qc7 18. e3 Kb8 19. Rc4 f6 20. Rb4 fxe5 21. Qxe6 g5 22. Qb3 Bg7 23. a4 exd4 24. exd4 Bxd4 25. Qc2 e3 0-1